Income property valuation and the use of market extracted overall capitalisation rates (Record no. 1994)

MARC details
000 -LEADER
fixed length control field 01175cab a2200277 4500
001 - CONTROL NUMBER
control field ABS37253
008 - FIXED-LENGTH DATA ELEMENTS--GENERAL INFORMATION
fixed length control field 090401t1986 xxu||||| |||| 00| 0 eng d
035 ## - SYSTEM CONTROL NUMBER
System control number (Sirsi) u3263
041 ## - LANGUAGE CODE
Language code of text/sound track or separate title eng
100 ## - MAIN ENTRY--PERSONAL NAME
Personal name Sirmans, C. F.
245 ## - TITLE STATEMENT
Title Income property valuation and the use of market extracted overall capitalisation rates
260 ## - PUBLICATION, DISTRIBUTION, ETC.
Date of publication, distribution, etc. 1986
350 ## - PRICE (NR) (BK AM CF MU VM SE) [OBSOLETE]
Price 0
490 ## - SERIES STATEMENT
Series statement Real Estate Appraiser and Analyst
Volume/sequential designation 52(2) Summer 1986,64-68(5)
520 ## - SUMMARY, ETC.
Summary, etc. Presents the results of a study undertaken in the USA, for the period 1963-1975,in which variations in the net income and sales prices of 137 blocks of residential flats in Chicago ,Illinois were analysed. This was an attempt to determine the validity of using market extracted overall rates of return as appraisal methods for estimating the value of income-producing property. Extensive calculations.Tables,references.
650 ## - SUBJECT ADDED ENTRY--TOPICAL TERM
Topical term or geographic name entry element CAPITALISATION RATES
650 ## - SUBJECT ADDED ENTRY--TOPICAL TERM
Topical term or geographic name entry element INCOME APPROACH
650 ## - SUBJECT ADDED ENTRY--TOPICAL TERM
Topical term or geographic name entry element REGRESSION ANALYSIS
650 ## - SUBJECT ADDED ENTRY--TOPICAL TERM
Topical term or geographic name entry element UNITED STATES
650 ## - SUBJECT ADDED ENTRY--TOPICAL TERM
Topical term or geographic name entry element VALUATION METHODS
690 ## - LOCAL SUBJECT ADDED ENTRY--TOPICAL TERM (OCLC, RLIN)
Topical term or geographic name as entry element RATING AND VALUATION
700 ## - ADDED ENTRY--PERSONAL NAME
Personal name Sirmans, G.S.
700 ## - ADDED ENTRY--PERSONAL NAME
Personal name Beasley, B.T.
942 ## - ADDED ENTRY ELEMENTS (KOHA)
Suppress in OPAC 0
948 ## - LOCAL PROCESSING INFORMATION (OCLC); SERIES PART DESIGNATOR (RLIN)
c (OCLC) 04/03/1997
Holdings
Withdrawn status Lost status Source of classification or shelving scheme Damaged status Not for loan Home library Current library Shelving location Date acquired Total Checkouts Full call number Barcode Date last seen Copy number Price effective from Koha item type
    Dewey Decimal Classification     London London Journal article 14/09/1999   ABS37253 3263-1001 06/08/2019 1 06/08/2019 Journal article